<?xml version="1.0" encoding="UTF-8"?>
<collection xmlns="http://www.loc.gov/MARC21/slim">
 <record>
  <leader>01570nam a2200217Ia 4500</leader>
  <controlfield tag="001">TDMU_22064</controlfield>
  <controlfield tag="008">210410s9999    xx            000 0 und d</controlfield>
  <datafield tag="082" ind1=" " ind2=" ">
   <subfield code="a">275.97</subfield>
  </datafield>
  <datafield tag="090" ind1=" " ind2=" ">
   <subfield code="b">NG527</subfield>
  </datafield>
  <datafield tag="100" ind1=" " ind2=" ">
   <subfield code="a">Nguyễn, Đức Lộc</subfield>
  </datafield>
  <datafield tag="245" ind1=" " ind2="0">
   <subfield code="a">Cấu hình xã hội cộng đồng công giáo Bắc di cư tại Nam Bộ</subfield>
  </datafield>
  <datafield tag="245" ind1=" " ind2="0">
   <subfield code="b">Từ kích thước cộng đồng đến kích thước cá nhân</subfield>
  </datafield>
  <datafield tag="245" ind1=" " ind2="0">
   <subfield code="c">Nguyễn Đức Lộc</subfield>
  </datafield>
  <datafield tag="260" ind1=" " ind2=" ">
   <subfield code="a">Tp. Hồ Chí Minh</subfield>
  </datafield>
  <datafield tag="260" ind1=" " ind2=" ">
   <subfield code="b">Đại học Quốc gia Tp. Hồ Chí Minh</subfield>
  </datafield>
  <datafield tag="260" ind1=" " ind2=" ">
   <subfield code="c">2013</subfield>
  </datafield>
  <datafield tag="300" ind1=" " ind2=" ">
   <subfield code="a">160tr.</subfield>
  </datafield>
  <datafield tag="520" ind1=" " ind2=" ">
   <subfield code="a">Trình bày quan điểm, lý thuyết, phương pháp luận và phương pháp nghiên cứu cộng đồng và cá nhân. Tổng quan về hai cộng đồng công giáo di cư năm 1954 tại Nam Bộ: Hồ Nai và Cái Sắn. Nghiên cứu gia đình, dòng họ, tổ chức cộng đồng theo giáo xứ, bộ máy quản lý nhà nước và cấu trúc quyền lực, nền tảng giáo dục kép, xu hướng lựa chọn nghề nghiệp và những chiến lược sống của cộng đồng người công giáo di cư</subfield>
  </datafield>
  <datafield tag="650" ind1=" " ind2=" ">
   <subfield code="a">Cộng đồng xã hội</subfield>
   <subfield code="x">di cư</subfield>
   <subfield code="z">Nam Bộ (Việt Nam); Di cư</subfield>
   <subfield code="x">Đạo công giáo</subfield>
   <subfield code="z">Niềm Bắc (Việt Nam)</subfield>
  </datafield>
  <datafield tag="856" ind1=" " ind2=" ">
   <subfield code="u">http://lrc.tdmu.edu.vn/opac/search/detail.asp?aID=2&amp;ID=22064</subfield>
  </datafield>
  <datafield tag="980" ind1=" " ind2=" ">
   <subfield code="a">Trung tâm Học liệu Trường Đại học Thủ Dầu Một</subfield>
  </datafield>
 </record>
</collection>
